000 00627nam a2200193Ia 4500
003 GCL
005 20240530102048.0
008 140319s9999 xx 000 0 ara d
040 _aGCL /
_cGCL
082 0 4 _a813.01
_bص ك
100 1 _aصفوت عبدالمجيد
245 1 0 _aالكلاب الجائعة : قصص قصيرة /
_cصفوت عبدالمجيد
260 _a[S.N] :
_bالهيئة المصرية العامة للكتاب ،
_c1994
300 _a151 ص
650 0 4 _aالادب العربى
650 0 4 _aالقصص العربية
650 0 4 _aالقصص العربية القصيرة
942 _2ddc
_cBK
999 _c29523
_d29523